000 00818nam a22002537a 4500
001 AUWbook033512
003 BDCtgAUW
005 20260511211532.0
008 260507b ja ||||| |||| 00| 0 jpn d
020 _a9784872176711
040 _aBDCtgAUW
_cBDCtgAUW
_dBDCtgAUW
050 1 4 _aPL539
_b.K27 2008
100 1 _aKawamoto, Kazuko.
_eauthor
245 1 0 _aJapanese graded readers :
_blevel 1, vol. 3, part 12 /
_cKazuko Kawamoto.
260 _aJapan :
_bAsk publishing,
_c2008.
300 _a22 pages :
_billustrations ;
_c22 cm.
362 0 _alevel 1, vol. 3, part 12
490 0 _aNihongo yomu yomu bunko
500 _aJapanese language.
650 4 _aJapanese language
_x Conversation and phrase books.
_991701
830 0 _aNihongo yomu yomu bunko
_991690
887 _28
_aPapia Akter
942 _2lcc
_cBK
_n0
999 _c18692
_d18692
888 _28